| 000 | 003500000a22001450004500 | ||
|---|---|---|---|
| 005 | 20120302065238.0 | ||
| 942 | _cBOOK | ||
| 100 |
_a _a _b _c |
||
| 245 | _a Shubhankar | ||
| 260 | _aPune:Sau. Sumedha Pathak,2007 | ||
| 300 | _a328p..-ill | ||
| 040 | _aMar | ||
| 365 | _b100/- | ||
| 650 | _aDiwali Ank - 2007, Jyotish, Astrology, Vastu, Mantrashastra | ||
| 999 |
_c364277 _d364274 |
||